| 000 | 00792nam a22001937a 4500 | ||
|---|---|---|---|
| 005 | 20250801155941.0 | ||
| 010 | _aHIN-130117 | ||
| 020 |
_a9788194463269 _c295.00 |
||
| 035 | _aHN-102463 | ||
| 037 | _bDBAD | ||
| 082 | _a301.153 | ||
| 100 |
_aसिंह, राम नंदन प्रसाद _983635 |
||
| 245 |
_aगांधीय परिकल्पना _cराम नंदन प्रसाद सिंह |
||
| 250 | _aप्रथम | ||
| 260 |
_aनई दिल्ली _bआदर्श प्रकाशन _c2020 |
||
| 270 |
_bनई दिल्ली _e110080 _aएच-16/325 संगम विहार नई दिल्ली |
||
| 300 |
_a87पृ. _c22सेमी (सजिल्द) |
||
| 942 |
_cHN _2ddc _h301.153 _mसिंह |
||
| 999 |
_c212813 _d212813 |
||